书目信息 |
| 题名: |
培养全面发展的人
|
|
| 作者: | ;全国教育学研究会 编 | |
| 分册: | ||
| 出版信息: | 北京 人民教育出版社 1979 |
|
| 页数: | 144页 | |
| 开本: | 19cm | |
| 丛书名: | ||
| 单 册: | ||
| 中图分类: | G421 | |
| 科图分类: | ||
| 主题词: | 全面发展(教育)--文集 , 教学理论 | |
| 电子资源: | ||
| ISBN: | ||
| 000 | 00695nam0 2200229 45 | |
| 001 | 0179005611 | |
| 005 | 20060815104655.28 | |
| 010 | @dCNY0.33 | |
| 091 | @a7012.069 | |
| 100 | @a19950716d1979 emky0chiy0121 ea | |
| 101 | 0 | @achi |
| 102 | @aCN@b110000 | |
| 105 | @ay z 000yy | |
| 200 | 10 | @a培养全面发展的人@Apei yang quan mian fa zhan de ren@e兼论教学为主@f全国教育学研究会编@Fquan guo jiao yu xue yan jiu hui bian |
| 210 | @a北京@c人民教育出版社@d1979 | |
| 215 | @a144页@d19cm | |
| 606 | @a全面发展(教育)@x文集 | |
| 606 | 0 | @a教学理论 |
| 690 | @aG421@v4 | |
| 711 | 02 | @a全国教育学研究会@Aquan guo jiao yu xue yan jiu hui@4编 |
| 801 | 0 | @aCN@bTSSF@c20060815 |
| 905 | @a10447@dG421@e133 | |
| 培养全面发展的人:兼论教学为主/全国教育学研究会编.-北京:人民教育出版社,1979 |
| 144页;19cm |
| ISBN :CNY0.33 |
| ● |
| 相关链接 |
|
|
|
|
正题名:培养全面发展的人
索取号:G421/133
 
预约/预借
| 序号 | 登录号 | 条形码 | 馆藏地/架位号 | 状态 | 备注 |
| 1 | 0028792 | 202201900 | 密集书库/ [索取号:G421/133] | 在馆 | |
| 2 | 0459882 | 204598827 | 密集书库/ [索取号:G421/133] | 在馆 |